Cezhraničné fúzie a akvizície ako metóda expanzie

Faktory ovplyvňujúce cezhraničné fúzie a akvizície. Alternatívne zahraničné strategické expanzie. Súčasné trendy v cezhraničných akvizíciách. Globálny trh a väčší rastový potenciál pre spoločnosti. Rozhodovací proces zahraničných akvizícií. Post – akvizičná integrácia.

Salvato in:
Dettagli Bibliografici
Autore principale: Polednáková, Anna, 1957-
Natura: Capitolo di libro
Lingua:slovacco
Soggetti:
Tags: Aggiungi Tag
Nessun Tag, puoi essere il primo ad aggiungerne!!

MARC

LEADER 00000nla a2200000 4500
001 0224156
005 20240502073653.4
041 0 |a slo 
044 |a SK 
245 1 0 |a Cezhraničné fúzie a akvizície ako metóda expanzie  |c Anna Polednáková 
520 |a Faktory ovplyvňujúce cezhraničné fúzie a akvizície. Alternatívne zahraničné strategické expanzie. Súčasné trendy v cezhraničných akvizíciách. Globálny trh a väčší rastový potenciál pre spoločnosti. Rozhodovací proces zahraničných akvizícií. Post – akvizičná integrácia. 
610 2 0 |a fúzie 
610 2 0 |a akvizícia 
610 2 0 |a integrácia 
610 2 0 |a trh zahraničný 
610 2 0 |a globalizácia 
610 2 0 |a konkurencia 
100 1 |a Polednáková, Anna, 1957-